000 00467nam a2200169Ia 4500
008 131103s9999 xx 000 0 und d
040 _aLoreto College
041 _aEnglish
082 _a891.43/VIM
_bLCLIB/38643
100 _aVimal,Kumar
245 _aChayabad Ka Saoundary Asastriya Adayan
_cKumar Vimal
260 _aNew Delhi
_bRajkamal Prakashan
_c1970
300 _a267 p.
_c 21 cm.
650 _aHindi Poetry - Criticism
850 _aLCLIB
942 _cBK
999 _c18622
_d69101